000
00269pam a2200109a 44500
008
230405s2018 xxu||||| |||| 00| 0 eng d
041
_a
ENG
100
_a
PROF . M.K GUPTA
245
_a
ENVIRONMENTAL SCIENCES
260
_a
_b
NIRALI PRAKASHAN PUNE
_c
2018
906
_a
5372
999
_c
280643
_d
280643